000 00776nam a2200217 i 4500
999 _c118226
_d118226
001 .b74517090
003 ES-BaBAB
005 20260105185758.0
008 201009s2020 sp |||||| 00| ||cat|c
017 _aDL PM 335-2020
_bOficina DL Palma
020 _a9788497162586
040 _aES-BaBAB
_bcat
_erda
_cES-BaBAB
041 1 _acat
_heng
080 _a028
100 0 _aWharton, Edith
_d1862-1937
_eautor
_9119144
245 1 3 _aEl Vici de la lectura /
_cEdith Wharton ; traducción de Marta Garcia Avellaneda
264 1 _aPalma de Mallorca :
_bJosé J. de Olañeta,
_c2020
300 _a60 pàgines ;
_c14 cm
336 _atext
_btxt
_2rdacontent
337 _2rdamedia
_bn
_asense mediació
338 _avolum
_bnc
_2rdacarrier
546 _aTraduït de l'anglès
650 0 7 _aLectura, Gust per la
_2lemac
_936750
650 0 7 _aLlibres i lectura
_2lemac
_9204176
700 1 _aGarcia Avellaneda, Marta
_etraductor
_9252554
907 _a.b74517090
_b09-10-20
_c09-10-20
_d09-10-20
_em
_fa
_g-
_hcat
_isp
_j0
_k0
940 _aBAB
942 _2udc
_cLIB
_07